000 00420nam a2200169Ia 4500
008 170705s9999 xx 000 0 und d
020 _a9780439389181
245 _aIcky bug shapes /
245 _cJerry Pallotta ; illustrated by Shennen Bersani.
260 _aNew York :
260 _bScholastic,
260 _c2003
300 _aunpaged :
300 _bcolor illustration ;
300 _c20cm.
500 _a490
999 _c336024
_d336024